000 00596nam a2200217Ii 4500
001 18167
003 CO-ViMGA
008 241108s9999||||xx |||||||||||||| ||und||
020 _a8437250358
040 _aCO-ViMGA
_bspa
_erda
_cCO-ViMGA
041 0 _aspa
082 0 4 _aI372.357 F17a
100 1 _aMarie. Farré
_950250
245 1 0 _aAnimales que dan miedo
264 1 _aMadrid, España : Altea, 1987
300 _avolumen
336 _atext
_btxt
_2rdacontent
337 _aunmediated
_bn
_2rdamedia
338 _avolume
_bnc
_2rdacarrier
940 _aidficha_siabuc: 17831. -- ficha_no_siabuc:18167
999 _c44933
_d44933